Central Library OPAC University of Rajshahi

Principles of environmental toxicology / (Record no. 13784)

MARC details
000 -LEADER
fixed length control field 01030cam a2200301 a 4500
001 - CONTROL NUMBER
control field 13784
003 - CONTROL NUMBER IDENTIFIER
rucl marc code BD-RjUL
005 - DATE AND TIME OF LATEST TRANSACTION
control field 20211208235519.0
008 - FIXED-LENGTH DATA ELEMENTS--GENERAL INFORMATION
fixed length control field 140202r19991998enkabh b 001 0 eng d
020 ## - INTERNATIONAL STANDARD BOOK NUMBER
International Standard Book Number 0748403558 (cased)
International Standard Book Number 0748403566 (pbk)
035 ## - SYSTEM CONTROL NUMBER
System control number (BD-RjUL)13836
System control number (OCoLC)39074728
040 ## - CATALOGING SOURCE
Original cataloging agency Uk
Transcribing agency Uk
Modifying agency NBuU
-- DLC
-- BD-RjUL
Language of cataloging eng
041 ## - LANGUAGE CODE
Language code of text/sound track or separate title eng
082 00 - DEWEY DECIMAL CLASSIFICATION NUMBER
Classification number 615.902
Edition number 21
Author mark and year SHP 1999
100 1# - MAIN ENTRY--PERSONAL NAME
Personal name Shaw, Ian C.
9 (RLIN) 43131
245 10 - TITLE STATEMENT
Title Principles of environmental toxicology /
Statement of responsibility, etc. Ian C. Shaw and John Chadwick.
260 ## - PUBLICATION, DISTRIBUTION, ETC. (IMPRINT)
Place of publication, distribution, etc. London ;
-- Bristol, PA :
Name of publisher, distributor, etc. Taylor & Francis,
Date of publication, distribution, etc. c1998[Reprinted 1999].
300 ## - PHYSICAL DESCRIPTION
Pagination xiii, 216 p. :
Illustrations ill., maps, 1 facsim. ;
Size 24 cm.
504 ## - BIBLIOGRAPHY, ETC. NOTE
Bibliography, etc Includes bibliographical references and index.
650 #0 - SUBJECT ADDED ENTRY--TOPICAL TERM
Topical term or geographic name as entry element Environmental toxicology.
9 (RLIN) 38997
700 1# - ADDED ENTRY--PERSONAL NAME
Personal name Chadwick, John,
Dates associated with a name 1949-
856 42 - ELECTRONIC LOCATION AND ACCESS
Materials specified Publisher description
Uniform Resource Identifier <a href="http://www.loc.gov/catdir/enhancements/fy0745/98179229-d.html">http://www.loc.gov/catdir/enhancements/fy0745/98179229-d.html</a>
942 ## - ADDED ENTRY ELEMENTS (KOHA)
Source of classification or shelving scheme Dewey Decimal Classification
Koha item type Books
Holdings
Lost status Source of classification or shelving scheme Damaged status Not for loan Collection code Permanent Location Current Location Shelving location Date acquired Source of acquisition Cost, normal purchase price Total Checkouts Full call number Date last seen Copy number Koha item type
  Dewey Decimal Classification     Non-fiction Central Library, University of Rajshahi Central Library, University of Rajshahi   12/12/2009 Ahsania Misson Book Distribution House. 638003.00   615.902 SHP 1999 02/02/2014 C-2 Books
  Dewey Decimal Classification   Not For Loan Non-fiction Central Library, University of Rajshahi Central Library, University of Rajshahi Reading Room 12/12/2009 Dhaka, Ahsania Mission Book Distribution House . 6380.03   615.902 SHP 1999 19/04/2017 C-1 Books